01162cam a2200241 a 4500001000800000005001700008008004100025010001700066020002100083042000900104050002100113245003700134260004700171300003200218500002700250500002000277505028400297520022000581650003900801650002900840700002000869710003100889352518920170114094132.0960729s1997 ctua c b 001 0 eng  a 96027606  a0717276171 (set) alcac00aR130.5 .D57 199700aDiseases /cBryan Bunch, editor. aDanbury, CT :bGrolier Educational,c1997. a8 v. :bcol. ill. ;c26 cm. a"A Hudson Group book." aIncludes index.0 av. 1. Abscess to bone diseases -- v. 2. Bones to dermatitis -- v. 3. Detached retina to gallstones -- v. 4. Gangrene to infantile paralysis -- v. 5. Infants and disease to multiple sclerosis -- v. 6. Mumps to polyps -- v. 7. Porphyrias to spasm -- v. 8. Spider bites to zoonoses. aAlphabetically arranged articles present medical information on more than 400 diseases, discussing sources, symptoms, stages of the disease, its likelihood of striking, treatments, prevention, and long-term effects. 0aDiseasesxEncyclopedias, Juvenile. 1aDiseasesxEncyclopedias.1 aBunch, Bryan H.2 aGrolier Educational (Firm)